000 00580nam a2200193 i 4500
001 39223
003 ES-MaACL
007 t|
008 030227s1957 sp ||||1| spa d
100 1 _aCalvo Serer, Rafael,
_d1916-1988
_933911
245 1 0 _aEspaña, sin problema /
_cRafael Calvo Serer.
250 _a3ª ed.
260 _aMadrid :
_bRialp,
_c1957 (
_fJuan Pueyo)
300 _a197 p. ;
_c19 cm.
490 1 _aBiblioteca pensamiento actual
830 0 _aBiblioteca pensamiento actual
_9181790
852 _aES-MaACL
_jB-7372
_bR.29120
999 _c39223
_d39223